Studies on rheological behaviour of self-vulcanizable rubber blends based on chlorosulphonated polyethylene and carboxylated nitrile rubber (Record no. 69657)
[ view plain ]
| 000 -LEADER | |
|---|---|
| fixed length control field | 01305nam a2200133Ia 4500 |
| 100 ## - MAIN ENTRY--AUTHOR NAME | |
| Personal name | Mukhopadhyay Sujata |
| 245 #0 - TITLE STATEMENT | |
| Title | Studies on rheological behaviour of self-vulcanizable rubber blends based on chlorosulphonated polyethylene and carboxylated nitrile rubber |
| 260 ## - PUBLICATION, DISTRIBUTION, ETC. (IMPRINT) | |
| Name of publisher | Journal of Elastomers and Plastics |
| Year of publication | 1998 |
| 300 ## - PHYSICAL DESCRIPTION | |
| Number of Pages | 340-362 |
| 520 ## - SUMMARY, ETC. | |
| Summary, etc | The rheological behaviour of self-vulcanizable rubber blends based on chlorosulphonated polyethylene (hypalon) and carboxylated nitrile ruber (XNBR) has been investigated in terms of effect of blend ratio, carboxyl content of carboxylated nitrile rubber, carbon black filler loading, rate of shear and temperature on viscosity, die swell and power law constants (n and K). The blend system follows the power law model in the experimental range of rate of shear and shows pseudoplastic flow behaviour. XNBR shows higher viscosity than hypalon and in blends an increasing proportion of XNBR increases the blend viscosity at a constant shear stress or rate of shear. XNBR shows maximum die swell and hypalon shows the least. Blends show lower die swell as compared to the single rubbers. Addition of filler reduces die swell and surface roughness of the extrudates. |
| 700 ## - ADDED ENTRY--PERSONAL NAME | |
| Personal name | Gupta B R |
| 942 ## - ADDED ENTRY ELEMENTS (KOHA) | |
| Koha item type | Journals |
| Withdrawn status | Lost status | Damaged status | Not for loan | Home library | Current library | Shelving location | Date acquired | Serial Enumeration / chronology | Koha item type |
|---|---|---|---|---|---|---|---|---|---|
| Journals | RRII Library | RRII Library | Rubber chemistry | 17/12/2021 | Volume 30, Issue 4 | Journals |